000 01115nam a22002657a 4500
999 _c3113
_d3113
003 AR-CdUCM
008 190306b ||||| |||| 00| 0 spa d
040 _aMUNICIPALIDAD PROVINCIAL DEL CUSCO
_cBIBLIOTECA MUNICIPAL DEL CUSCO
041 _hger
082 _a901 /
_bK57
100 _aKirn, Paúl
_910519
245 _aIntroducción a la Ciencia de la Historia /
260 _aMéxico D. F. :
_bUTEHA,
_c1961.
300 _a146 páginas ;
_c17 cm.
440 _aManuales Uteha. Sección.
_n55
_910520
440 _aHistoria.
_n10
_97724
500 _aTraducción de: Einführung in die geschichtswissenschaft.
505 _aContenido: Las Ciencias históricas y la ciencia de la historia -- Preliminares acerca de la posibilidad y límites del conocimiento histórico -- El estudio de la historia -- Las fuentes históricas las ciencias auxiliares y secundarias de la historia -- Crítica de las fuentes ...
650 _aFilosofía
_9395
650 _aCrítica e interpretación
_91144
650 _aHistoria
_9136
700 _aMuñoz, Orencio (traducción)
_910521
942 _2ddc
_cLIBROS
945 _aachl